000
00358nam a2200133Ia 4500
008
231129s9999||||xx |||||||||||||| ||spa||
020
_a
84-322-1142-7
040
_b
spa
082
_a
863 M539u
100
_a
Mendoza Eduardo
245
0
_a
El Ășltimo trayecto de Horacio Dos
264
_a
Seix Barral
942
_2
ddc
_c
BKS
999
_c
12617
_d
12617